Famous Duos - Statistics

General Stats
  • This quiz has been taken 77 times
  • The average score is 26 of 40
Answer Stats
Person 1 Person 2 % Correct
4) Romeo and... Juliet
96%
16) Barbie and... Ken
96%
8) Batman and... Robin
94%
15) Tom and... Jerry
92%
27) Mickey and... Minnie
92%
5) Bonnie and... Clyde
87%
28) Lilo and... Stitch
86%
2) David and... Goliath
83%
25) Dr Jekyll and... Mr Hyde
82%
9) Thelma and... Louise
79%
21) Sherlock and... Watson
79%
18) Mario and... Luigi
75%
31) Beavis and... Butthead
73%
6) Simon and... Garfunkel
72%
22) Cher and... Sonny
72%
38) C3PO and.... R2D2
68%
13) Capt Kirk and... Spock
68%
23) Butch Cassidy and the... Sundance Kid
68%
14) Bert and.. Ernie
65%
40) Phineas and.... Ferb
65%
17) Calvin and... Hobbes
65%
36) Wile E Coyote and the.... Roadrunner
65%
12) Spongebob and... Patrick
62%
20) Shrek and... Donkey
61%
26) Scooby and... Shaggy
61%
11) Woody and... Buzz
59%
35) Abbott and.... Costello
59%
24) Mary Kate and... Ashley
56%
1) Mulder and... Scully
56%
32) Rick and... Morty
55%
39) Han Solo and.... Chewbacca
54%
29) Cheech and... Chong
54%
34) Ren and... Stimpy
51%
3) Pinky and the... Brain
49%
19) Snoopy and... Woodstock
46%
33) Doc Brown and... Marty McFly
41%
30) Harold and.... Kumar
34%
37) Joey and.... Chandler
30%
10) Drake and... Josh
23%
7) Dan and... Shay
7%
No matching quizzes found
Score Distribution
Percent of People with Each Score
Percentile by Number Answered
Your Score History
You have not taken this quiz